000 00947nam a22002777a 4500
003 CHAP
005 20220329135522.0
008 971013s1980 r 00010 d
010 _a37946
011 _a38918
035 _a43038
040 _cCHAP
082 _a719.32
_bM5
100 0 0 _aMiller, Kenton.
_975786
245 _aPlanificación de parques nacionales para el ecodesarrollo en la Latinoamérica
260 _aMadrid :
_bFundación para la Ecología y la Protección del Medio Ambiente,
_c1980
300 _a500 p.
_b: ilus. ; mapas
590 _aBATCH-UPD
_b10
_c20130110
_lUCH01
_h2118
590 _aBATCH-UPD
_b10
_c20130410
_lUCH01
_h1428
590 _aBATCH-UPD
_b10
_c20130914
_lUCH01
_h1819
590 _aCONVERSION
_b10
_c20130109
_lUCH01
_h1321
650 1 4 _aParques nacionales
_xAmérica Latina.
_985699
901 _aBK
942 _cLIBRO
949 _a719.32 M5
_bBC
_cLIBRO
_d33724000134177
_eLIBRO
_h62512
_i43038
_mDirecto
_si
_t5.80
999 _c37946
_d37946